Por una mujer mejor / (Record no. 69636)

MARC details
000 -LEADER
campo de control de longitud fija 00670nam a2200217 i 4500
001 - NÚMERO DE CONTROL
campo de control 69636
003 - IDENTIFICADOR DE NÚMERO DE CONTROL
campo de control ES-MaACL
005 - FECHA Y HORA DE LA ÚLTIMA TRANSACCIÓN
campo de control 20250807211448.0
007 - CAMPO FIJO DE DESCRIPCIÓN FÍSICA--INFORMACIÓN GENERAL
campo de control de longitud fija t|
008 - DATOS DE LONGITUD FIJA--INFORMACIÓN GENERAL
campo de control de longitud fija 040708s1961 sp ||||1| spa d
080 ## - NÚMERO DE LA CLASIFICACIÓN DECIMAL UNIVERSAL
Número de la Clasificación Decimal Universal 396:28
100 1# - ENTRADA PRINCIPAL--NOMBRE DE PERSONA
Nombre de persona García D. Figar, Antonio.
9 (RLIN) 54397
245 10 - MENCIÓN DEL TÍTULO
Título Por una mujer mejor /
Mención de responsabilidad, etc. Antonio García D. Figar ; prólogo por Manuel Ubeda Purkiss.
260 ## - PUBLICACIÓN, DISTRIBUCIÓN, ETC.
Lugar de publicación, distribución, etc. Madrid :
Nombre del editor, distribuidor, etc. Morata,
Fecha de publicación, distribución, etc. [1961]
300 ## - DESCRIPCIÓN FÍSICA
Extensión 221 p. ;
Dimensiones 21 cm.
650 #4 - PUNTO DE ACCESO ADICIONAL DE MATERIA--TÉRMINO DE MATERIA
Término de materia o nombre geográfico como elemento de entrada Mujeres-
Subdivisión general Moral práctica.
9 (RLIN) 154966
650 #7 - PUNTO DE ACCESO ADICIONAL DE MATERIA--TÉRMINO DE MATERIA
Término de materia o nombre geográfico como elemento de entrada Mujeres en la Iglesia Católica
Fuente del encabezamiento o término embne
9 (RLIN) 155915
700 1# - ENTRADA AGREGADA--NOMBRE PERSONAL
Nombre de persona Ubeda Purkiss, Manuel.
9 (RLIN) 111831
852 4# - LOCALIZACIÓN
Ubicación ES-MaACL
Número de control de estantería C-20097
Holdings
Estatus retirado Estado de pérdida Estado de daño No para préstamo Biblioteca de origen Biblioteca actual Ubicación en estantería Fecha de adquisición Fuente de adquisición Total de préstamos Signatura topográfica completa Código de barras Visto por última vez Precio de reemplazo Tipo de ítem Koha
        Biblioteca del Ateneo de Madrid Biblioteca del Ateneo de Madrid Galería 17/01/2008     C-20097 1072916 23/02/2023 23/02/2023 Libro impreso